000 00579nam a22001937a 4500
005 20251108170851.0
008 250721s1997 xx 000 0 ara d
082 1 4 _aط/617.55/مدر
100 1 _aمدور، محمد
245 1 0 _aالكبد والمرارة بين المرض والعافية /
264 1 _aالقاهرة :
_bالأهرام،
_c1997.
300 _a158ص
490 0 _aاعرف صحتك ، 18
650 1 7 _aأمراض الكبد
650 1 7 _aالتشمع الصفراوي
650 1 7 _aالتهاب الكبد
942 _2ddc
_cBK
999 _c50897
_d50897